An introduction to middle English (Record no. 244731)

MARC details
000 -LEADER
fixed length control field 00552nam a2200181Ia 4500
008 - FIXED-LENGTH DATA ELEMENTS--GENERAL INFORMATION
fixed length control field 191130s2002##################000#0#eng##
020 ## - INTERNATIONAL STANDARD BOOK NUMBER
ISBN 9780748614813
082 ## - DEWEY DECIMAL CLASSIFICATION NUMBER
Classification number 427.02 HOR
100 ## - MAIN ENTRY--AUTHOR NAME
Personal name Horobin, Simon
245 ## - TITLE STATEMENT
Title An introduction to middle English
Statement of responsibility, etc Simon Horobin; J J Smith
260 ## - PUBLICATION, DISTRIBUTION, ETC. (IMPRINT)
Place of publication Edinburgh
Name of publisher Edinburgh University Press
Year of publication 2002
300 ## - PHYSICAL DESCRIPTION
Number of Pages viii, 182 p. ; 23 cm
650 ## - SUBJECT ADDED ENTRY--TOPICAL TERM
Topical Term English language - Middle English, 1100-1500
991 ## -
-- 423284
Holdings
Withdrawn status Lost status Damaged status Not for loan Home library Current library Shelving location Date acquired Full call number Accession Number Price effective from Koha item type
        Anna Centenary Library Anna Centenary Library 4TH FLOOR, B WING 13.10.2020 427.02 HOR 372227 13.10.2020 English Books

Find us on the map